01170nam a2200277Ia 450000500170000000800410001702000180005808200170007610000290009324501400012225000180026230000480028050000380032865000490036665000370041565000670045270000490051994200120056826400310058033600270061133700330063833800280067104000350069999900150073495201430074920220317001436.0161108s2013 ck a g 000 0 s  a978958757264304a323.4 bO76d1 aOrozco Vargas, Constanza10aDerechos al derechob[un manual para pequeños y grandes ciudadanos]cConstanza Orozco Vargas ; ilustraciones Wilson Borja Marroquín a1a. edición a219 páginasbilustraciones a colorc30 cm aSubtítulo tomado de la cubierta142LEMBa Derechos humanosxLiteratura infantil142LEMBaDerechos humanoszColombia142LEMBaViolación de los derechos humanosxLiteratura infantil1 aBorja Marroquín, Wilsoneilustrador973139 2ddccBK aBogotábIntermedioc2013 atextobtxt2rdacontent asin mediaciónbn2rdamedia avolumenbnc2rdacarrier aCO-BoRNBPbspaerdacCO-BoRNBP c6998d6998 001040708InfPoTiaMEVIGERRbMEVIGERRcSInfd2017-06-27o323.4 O76depECA25889r2024-11-26 08:55:10tEj.1w2024-11-26yBKz19573 | 25018